Peacemaker Quiz - Statistics

General Stats
  • This quiz has been taken 155 times
  • The average score is 14 of 20
Answer Stats
Hint Answer % Correct
What is Peacemakers Eagle name Eagly
100%
What is Peacemakers Identity Chris Smith
85%
What is the name of the alien species Butterfly
83%
Who is his human best friend Vigilante
83%
Where do the aliens come inside you at Mouth
81%
How Many years did Peacemaker serve of his sentence 4
80%
What did John use to kill the gorilla Chainsaw
76%
What does Peacemaker call John Dye Beard
75%
What is Harcourts first name Emilia
73%
What is White Dragons Identity Auggie Smith
70%
What is Vigilantes Identity Adrian Chase
68%
Which member of the team is an alien Murn
68%
What is Johns Full Name John Economos
65%
Where did Peacemaker get into his house after the hospital Window
64%
What was the alien that Peacemaker captured called Goff
62%
What is Peacemakers Dad Name White Dragon
61%
What is Peacemakers logo Dove of Peace
60%
How long was his original sentence 30
56%
Who is Amanda Waller daughter Leota
55%
What is their group name called 11th street kids
51%
No matching quizzes found
Score Distribution
Percent of People with Each Score
Percentile by Number Answered
Your Score History
You have not taken this quiz